Word in a Word III Quiz Stats

Quiz Updated Nov 22, 2017

Also try: Word in a Word II
Challenge
Share
Tweet
Embed
Score 0/30 Timer 07:00
6 Plays Today
Category Hidden Words? % Correct
Hidden boys' names?Jack
98.2%
Hidden boys' names?Phil
91.4%
Hidden clothing items?coat
89.8%
Hidden clothing items?vest
89.1%
Hidden boys' names?Leo
89%
Hidden mammals?pig
87.5%
Hidden boys' names?Levi
87.1%
Hidden astronomical bodies?star
86.9%
Hidden mammals?dog
86.7%
Hidden rivers?Nile
84.8%
Hidden clothing items?robe
79.7%
Hidden boys' names?Eli
79.5%
Hidden rivers?Rhine
79.1%
Hidden mammals?lion
79.1%
Hidden food items?rice
78.9%
Category Hidden Words? % Correct
Hidden clothing items?hat
77.7%
Hidden food items?pie
76.9%
Hidden clothing items?bra
76.4%
Hidden food items?ham
74.5%
Hidden mammals?rat
73.5%
Hidden food items?pea
71.7%
Hidden astronomical bodies?Sun
71%
Hidden food items?pesto
70.7%
Hidden astronomical bodies?Mars
68.3%
Hidden astronomical bodies?Ceres
65.5%
Hidden mammals?gnu
60.7%
Hidden rivers?Indus
43.8%
Hidden rivers?Don
39.5%
Hidden astronomical bodies?Eris
32.4%
Hidden rivers?Ob
27.8%

You're not logged in!

Compare scores with friends on all Sporcle quizzes.
Sign Up with Email
OR
Log In

You Might Also Like...

Show Comments

Extras

Top Quizzes Today


Score Distribution

Your Account Isn't Verified!

In order to create a playlist on Sporcle, you need to verify the email address you used during registration. Go to your Sporcle Settings to finish the process.

Report this User

Report this user for behavior that violates our Community Guidelines.

Details: